Hitoktatók találkozója Pozsonyban

Bibliographic Details
Main Author: Kirschhofer, Bernadette (Author, Interviewer)
Format: Article
Language:Hungarian
PhysicalDescription:Fotogr.
ISSN:1335-6534
Subjects:

MARC

LEADER 00000nab a2200000 ar4500
001 vtls008836700
003 SK-MaSNL
005 20260318124535.0
008 060627c2006 xo |||||||| 000 b|hun
015 |a SNBRB2006/06  |2 snkbucl 
038 |a SNKBUCL 
040 |a DSZK  |b slo  |c DSZK  |d SNKBUCL  |e AACR2 
041 0 |a hun 
044 |a xo  |c SK 
080 |a 262:282:061.3  |2 1997 
080 |a 282  |2 1997 
100 1 |a Kirschhofer, Bernadette  |4 ivr  |4 aut  |9 677327 
245 1 0 |a Hitoktatók találkozója Pozsonyban  |c Kirschhofer Bernadette 
300 |b Fotogr. 
610 2 7 |a Rímskokatolícka cirkev  |x katechéti, maďarskí  |x semináre  |2 snkbucl  |9 1075139 
648 7 |a 2006  |2 snkbucl  |9 313148 
650 0 7 |a katechizmus  |x semináre  |2 snkbucl  |9 1075140 
650 0 7 |a semináre  |2 snkbucl  |9 18562 
651 7 |a Bratislava (Slovensko)  |2 snkbucl  |9 14568 
773 0 |t Remény  |g Évf. XVII, sz. 24 (2006), o. 3  |x 1335-6534 
852 |a SNK  |b KIS3GCP 
852 |a DSZK  |b KIS3GCP 
958 |a HU 
958 |a SK 
958 |a NT 
999 |c 2555721  |d 2557651